Dias da semana - Statistics

Estatísticas Gerais
  • Esse quiz foi jogado 129 vezes
  • A pontuação média é 6 de 7
Estatísticas das Respostas
Resposta % Correto
Segunda Monday
95%
Domingo Sunday
95%
Sexta Friday
89%
Sábado Saturday
85%
Terça Tuesday
81%
Quarta Wednesday
80%
Quinta Thursday
76%
Nenhum quiz correspondente encontrado
Distribuição das Pontuações
Porcentagem de Pessoas com Cada Pontuação
Percentil de Números Respondidos
Sua Pontuação Histórica
Você não jogou esse quiz